000 00293nam a2200145Ia 4500
100 _aTrikha
942 _cBK
654 _aDesign
245 _aMachine design exercises
260 _bKhanna publishers
_c1987
082 _a621.815
_bTRI
300 _a586
546 _aENGLISH
999 _c32436
_d32436